Bu Araba Markası Hangi Ülkeye Ait? - Statistics

General Stats
  • This quiz has been taken 1 872 times
  • The average score is 19 of 30
Answer Stats
Marka Ülke % Correct
Volkswagen Almanya
99%
Tesla Amerika Birleşik Devletleri
86%
Fiat İtalya
85%
Audi Almanya
81%
Honda Japonya
81%
Porsche Almanya
80%
Alfa Romeo İtalya
78%
Citroen Fransa
77%
Toyota Japonya
77%
Lamborghini İtalya
76%
Cadillac Amerika Birleşik Devletleri
74%
Peugeot Fransa
72%
Bentley Birleşik Krallık
71%
Opel Almanya
68%
Ferrari İtalya
67%
Aston Martin Birleşik Krallık
66%
Renault Fransa
66%
Hyundai Güney Kore
65%
Chevrolet Amerika Birleşik Devletleri
64%
Dodge Amerika Birleşik Devletleri
55%
Jaguar Birleşik Krallık
52%
Land Rover Birleşik Krallık
52%
Mazda Japonya
51%
Lada Rusya
48%
Tata Hindistan
47%
Kia Güney Kore
45%
Skoda Çekya
44%
Lexus Japonya
40%
Seat İspanya
33%
Dacia Romanya
30%
No matching quizzes found
Score Distribution
Percent of People with Each Score
Percentile by Number Answered
Your Score History
You have not taken this quiz